Измерение температуропроводности и теплопроводности металлов вблизи точки плавления; Приборы и техника эксперимента; № 1

Մատենագիտական մանրամասներ
Parent link:Приборы и техника эксперимента/ Российская академия наук.— , 1956-.— 0032-8162
№ 1.— 2003.— с. 153-157
Հիմնական հեղինակ: Загребин Л. Д.
Այլ հեղինակներ: Бузилов С. В.
Լեզու:ռուսերեն
Հրապարակվել է: 2003
Շարք:Лабораторная техника
Խորագրեր:
Ձևաչափ: MixedMaterials Գրքի գլուխ
KOHA link:https://koha.lib.tpu.ru/cgi-bin/koha/opac-detail.pl?biblionumber=427130

MARC

LEADER 00000naa2a2200000 4500
001 427130
005 20231101074625.0
035 |a (RuTPU)RU\TPU\prd\86254 
035 |a RU\TPU\prd\11762 
090 |a 427130 
100 |a 20100903a2003 k y0rusy50 ca 
101 0 |a rus 
102 |a RU 
200 1 |a Измерение температуропроводности и теплопроводности металлов вблизи точки плавления  |f Л. Д. Загребин, С. В. Бузилов 
225 1 |a Лабораторная техника 
320 |a Библиогр.: 12 назв. 
461 1 |0 (RuTPU)RU\TPU\prd\300  |x 0032-8162  |t Приборы и техника эксперимента  |f Российская академия наук  |d 1956- 
463 1 |0 (RuTPU)RU\TPU\prd\86220  |t № 1  |v с. 153-157  |d 2003 
610 1 |a измерения 
610 1 |a температуропроводность 
610 1 |a теплопроводность 
610 1 |a металлы 
610 1 |a плавление 
675 |a 536.2.083  |v 3 
700 1 |a Загребин  |b Л. Д. 
701 1 |a Бузилов  |b С. В. 
801 1 |a RU  |b 63413507  |c 20030321  |g PSBO 
801 2 |a RU  |b 63413507  |c 20100903  |g RCR 
942 |c BK